| 000 | 00516nam a2200193 a 4500 | ||
|---|---|---|---|
| 001 | 248 | ||
| 003 | CDMR | ||
| 005 | 20130508100829.0 | ||
| 008 | 130130s1979||||||||||||||||||||||||||||d | ||
| 020 | _a8425209439 | ||
| 040 |
_aCDMR _bcat _cCDMR |
||
| 100 | 1 |
_aBaggaley, Jon P. _9158 |
|
| 245 | 1 | 3 |
_aAnálisis del mensaje televisivo _cJon P. Baggaley, Steve W. Duck |
| 260 |
_aBarcelona _c1979 _bGustavo Gili |
||
| 490 | 0 | _aMassMedia | |
| 650 | 0 | 4 |
_9597 _aTelevisió |
| 650 | 0 | 4 |
_93349 _aAnàlisi del discurs |
| 942 |
_cMON _2udc |
||
| 999 |
_c248 _d248 |
||